000
00271nam a2200097Ia 4500
001
712639
005
20250826162831.0
008
250824s9999 xx 000 0 und d
245
0
_a
TÜRK TOPLUMUNDA AYDIN SINIFIN ANATOMİSİ
_c
ORHAN TÜRKDOĞAN
260
_b
ÇİZGİ YAYINLARI
999
_c
712639
_d
712639